000 00880cam a2200301 4500
999 _c91394
_d91394
008 090401t1998 xxu||||| |||| 00| 0 eng d
020 _a0421444908
035 _a(Sirsi) u43863
041 _aeng
050 _a630.026
245 _aMuir Watt and Moss agricultural holdings.
250 _a14th ed.
260 _aLondon
_bSweet & Maxwell
_c1998
300 _alxxxii,1266p. ; 25cm.
350 _a165
650 _aAGRICULTURAL HOLDINGS ACT 1986
650 _aAGRICULTURAL HOLDINGS
650 _aAGRICULTURAL TENANCIES ACT 1995
650 _aPROPERTY-LANDLORD AND TENANT-TENANCIES-AGRICULTURAL TENANCIES
650 _aAGRICULTURE ACT 1986
650 _aMILK QUOTAS
690 _aRURAL PRACTICE
700 _aWatt, James Muir
_xEditor
700 _aMoss, Joanne R.
_xEditor
700 _aTaskis, Catherine L.
_xEditor
942 _n0
_2ddc
948 _c04/03/1997